RICS UK commercial property survey (Record no. 118921)

MARC details
000 -LEADER
fixed length control field 01120cad a22002295a 4500
001 - CONTROL NUMBER
control field L137872
008 - FIXED-LENGTH DATA ELEMENTS--GENERAL INFORMATION
fixed length control field 101129s2001 xxkq ws ss 000 a0eng d
035 ## - SYSTEM CONTROL NUMBER
System control number (Sirsi) u137872
041 0# - LANGUAGE CODE
Language code of text/sound track or separate title eng
110 2# - MAIN ENTRY--CORPORATE NAME
Corporate name or jurisdiction name as entry element Royal Institution of Chartered Surveyors
Subordinate unit Economics
9 (RLIN) 5033
245 00 - TITLE STATEMENT
Title RICS UK commercial property survey
Medium [electronic resource]
260 ## - PUBLICATION, DISTRIBUTION, ETC.
Place of publication, distribution, etc. London
Name of publisher, distributor, etc. RICS
Date of publication, distribution, etc. 2001-
362 0# - DATES OF PUBLICATION AND/OR SEQUENTIAL DESIGNATION
Dates of publication and/or sequential designation Q2 2001-
490 #0 - SERIES STATEMENT
Series statement RICS UK Commercial Property Survey
520 ## - SUMMARY, ETC.
Summary, etc. Discusses activity in all business property markets in England and Wales, covering trends in demand, surveyor confidence, new occupier enquiries, floorspace availability, expected rents, lease lengths and inducements across commercial, office, retail and industrial sub-sectors.
554 ## -
-- Quarterly
651 #4 - SUBJECT ADDED ENTRY--GEOGRAPHIC NAME
Geographic name England and Wales
Chronological subdivision 1543-
690 ## - LOCAL SUBJECT ADDED ENTRY--TOPICAL TERM (OCLC, RLIN)
Topical term or geographic name as entry element PROPERTY-COMMERCIAL PROPERTY-COMMERCIAL PROPERTY MARKET
856 48 - ELECTRONIC LOCATION AND ACCESS
Uniform Resource Identifier <a href="https://www.rics.org/commercialmarket">https://www.rics.org/commercialmarket</a>
Public note View the item free of charge at www.rics.org
856 48 - ELECTRONIC LOCATION AND ACCESS
Uniform Resource Identifier <a href="https://www.rics.org/site/scripts/downloads.aspx?categoryID=599">https://www.rics.org/site/scripts/downloads.aspx?categoryID=599</a>
Public note View archive back to Q2 2001 at www.rics.org
942 ## - ADDED ENTRY ELEMENTS (KOHA)
Suppress in OPAC 0
Holdings
Withdrawn status Lost status Source of classification or shelving scheme Damaged status Not for loan Home library Current library Shelving location Date acquired Total Checkouts Full call number Barcode Date last seen Copy number Price effective from Koha item type
    Dewey Decimal Classification     Virtual Virtual Online 03/05/2007   ONLINE PUBLICATION 137872-2001 06/08/2019 1 06/08/2019 Book